| 000 | 00697nam a2200217 a 4500 | ||
|---|---|---|---|
| 001 | 12442 | ||
| 003 | CO-ViMGA | ||
| 008 | 141112s2004 ck r 000 u spa d | ||
| 020 | _a848013027X | ||
| 040 |
_aCO-ViMGA _bspa _cCO-ViMGA |
||
| 082 | 0 | 4 | _a371.73 R84c |
| 100 | 1 |
_aRuiz, Perez Luis _917863 |
|
| 245 | 1 | 0 |
_aCompetencia Motriz : _bElementos par comprender el aprendizaje motor en educación fisica escolar |
| 260 |
_aMadrid : _bGymnos, _c1995 |
||
| 300 | _a163p. | ||
| 490 | _aMonografias sobre ciencias | ||
| 590 | _aForma de adquisición : COMPRA - - Precio : 45.100 - - Proveedor : TUCIDES PEREA ROSERO | ||
| 650 | 1 | 4 | _aeducación FISICA |
| 650 | 1 | 4 | _aPSICOMOTRICIDAD |
| 942 |
_2ddc _cBK |
||
| 999 |
_c23439 _d23439 |
||